000 00698nam a2200193Ia 4500
008 130821s1993 xxu gr eng
020 _a679745653
040 _aCo-BoUCM
_bspa
041 0 0 _aeng
100 1 _aCapote, Truman
_d1924-1984
_9158041
245 1 0 _aBreakfast at Tiffany's and three stories
_cTruman Capote
260 _aNueva York (Estados Unidos)
_bVintage Books
_c1993
300 _a178 páginas
505 _tBreakfast at Tiffany's. -- House of flowers. -- A diamond guitar. -- A Christmas memory.
650 0 4 _aLiteratura estadounidense
_918653
650 0 4 _aNovela estadounidense
_920501
942 _cLIBRO
_a18
_e1
_mC246b
_2DEWEY
_h813.54
999 _c64528
_d64528